ბათუმის შოთა რუსთაველის სახელმწიფო უნივერსიტეტის ბიბლიოთეკა

Ежегодник большой советской энциклопедии.1976.Вып.20-ый. (ბიბ.ჩანაწერი № 44417)

000 -LEADER
fixed length control field 00768nam a2200205Ia 4500
001 - CONTROL NUMBER
control field 11183
003 - CONTROL NUMBER IDENTIFIER
control field GE_BSU
008 - FIXED-LENGTH DATA ELEMENTS--GENERAL INFORMATION
fixed length control field 181216s||||||||xx |||||||||||||| ||und||
040 ## - CATALOGING SOURCE
Transcribing agency GE_BSU
080 ## - UNIVERSAL DECIMAL CLASSIFICATION NUMBER
Universal Decimal Classification number 031
245 ## - TITLE STATEMENT
Title Ежегодник большой советской энциклопедии.1976.Вып.20-ый.
245 ## - TITLE STATEMENT
Statement of responsibility, etc. Гл.ред.С.М.Ковапев. Ред.коллегия:Л.М.Воподарский,А.Н.Игнатьев,В.В.Кузнецов и др.
260 ## - PUBLICATION, DISTRIBUTION, ETC.
Place of publication, distribution, etc. Москва
260 ## - PUBLICATION, DISTRIBUTION, ETC.
Name of publisher, distributor, etc. Советская энциклопедия.
260 ## - PUBLICATION, DISTRIBUTION, ETC.
Date of publication, distribution, etc. 1976.
300 ## - PHYSICAL DESCRIPTION
Extent 621стр,27см.
300 ## - PHYSICAL DESCRIPTION
Accompanying material с;илл.
653 ## - INDEX TERM--UNCONTROLLED
Uncontrolled term Ежегодник большой советской энциклопедии.1976.Вып.20-ый.
942 ## - ADDED ENTRY ELEMENTS (KOHA)
Koha item type წიგნი
ეგზემპლარები
Withdrawn status Lost status Damaged status Not for loan Date acquired Barcode Date last seen Price effective from Koha item type
        2018-12-17 19365 2018-12-17 2018-12-17 წიგნი